| 000 | 00479nam a2200169Ia 4500 | ||
|---|---|---|---|
| 003 | IN-BaIIA | ||
| 008 | 211028s9999 xx 000 0 eng d | ||
| 040 | _cIIA Library | ||
| 080 |
_a551.51 _bCHA |
||
| 100 |
_aChalmers, J. Alan _91875 |
||
| 245 | 0 |
_aAtmospheric electricity _cJ. Alan Chalmers |
|
| 260 |
_aLondon _bOxford University Press _c1949 |
||
| 300 | _a175p. | ||
| 650 |
_aAtmosphere _9458 |
||
| 650 | _aNASA Thesaurus | ||
| 942 | _cBK | ||
| 999 |
_c877 _d877 |
||